Konček začal sezónu úspešne

Bibliographic Details
Main Author: (jk) (Author)
Format: Article
Language:Slovak
Subjects:

MARC

LEADER 00000nab a2200000 a 4500
001 vtls001009044
003 SK-MaSNL
005 20260304214438.0
008 040720e20010525xo 0 slo
035 |a RV9644 
040 |a RVGKPD  |b slo  |c RVGKPD  |e AACR2 
041 0 |a slo 
044 |a xo  |c SK 
080 |a 796.71  |2 1981 
100 0 |a (jk)  |4 aut  |9 845332 
245 1 0 |a Konček začal sezónu úspešne 
500 |a umiestnenie 
590 |a Konček, Julo st.  |b Automobilový pretekár. 
600 1 7 |a Konček, Julo,  |d 1948-  |2 RVGKPD  |9 1025588 
611 1 7 |a majstrovstvá Slovenska  |2 RVGKPD  |9 873318 
650 0 7 |a automobilový šport  |2 RVGKPD  |9 3266 
651 7 |a Čierny Balog (Slovensko)  |2 RVGKPD  |9 170443 
651 7 |a Rožňava (Slovensko)  |2 RVGKPD  |9 17394 
655 7 |a periodikum  |2 snkbucl  |9 29553 
773 0 8 |t Rožňavské noviny=Rozsnyói Újság  |g Roč. 9, č.11, 25.5.2001, s. 4 
852 |a ZVYKNI  |b KIS3GCP 
999 |c 3141313  |d 3143243